5HLuxD.jpg

KING HENRY VIII SENIOR AND PRIMARY SCHOOL LIBRARY OPAC

The pit and the pendulum / (Record no. 3656)

000 -LEADER
fixed length control field 01422cam a2200421 a 4500
001 - CONTROL NUMBER
control field 17350591
003 - CONTROL NUMBER IDENTIFIER
control field OSt
005 - DATE AND TIME OF LATEST TRANSACTION
control field 20240425094352.0
008 - FIXED-LENGTH DATA ELEMENTS--GENERAL INFORMATION
fixed length control field 120614s2013 mnua c 6 000 1 eng c
010 ## - LIBRARY OF CONGRESS CONTROL NUMBER
LC control number 2012023771
020 ## - INTERNATIONAL STANDARD BOOK NUMBER
International Standard Book Number 9781434242600 (pbk.)
040 ## - CATALOGING SOURCE
Original cataloging agency NJQ/DLC
Transcribing agency NJQ
Modifying agency DLC
-- KH8
042 ## - AUTHENTICATION CODE
Authentication code lcac
-- pcc
043 ## - GEOGRAPHIC AREA CODE
Geographic area code e-sp---
082 00 - DEWEY DECIMAL CLASSIFICATION NUMBER
Classification number FIC POE
Edition number 23
100 1# - MAIN ENTRY--PERSONAL NAME
Personal name Poe, Edgar Allan,
Relator term author.
245 14 - TITLE STATEMENT
Title The pit and the pendulum /
Statement of responsibility, etc. by Edgar Allan Poe ; retold by Sean Tulien ; illustrated by J.C. Fabul.
260 ## - PUBLICATION, DISTRIBUTION, ETC.
Place of publication, distribution, etc. North Mankato, Minn. :
Name of publisher, distributor, etc. Stone Arch Books,
Date of publication, distribution, etc. c2013.
300 ## - PHYSICAL DESCRIPTION
Extent 63 p. :
Other physical details col. ill. ;
Dimensions 27 cm.
490 0# - SERIES STATEMENT
Series statement Edgar Allan Poe graphic novels
500 ## - GENERAL NOTE
General note "A Capstone imprint"--T.p. verso.
520 ## - SUMMARY, ETC.
Summary, etc. Retold in graphic novel format, the narrator tells of his macabre torture at the hands of the Spanish Inquisition.
521 1# - TARGET AUDIENCE NOTE
Target audience note 010-014.
521 0# - TARGET AUDIENCE NOTE
Target audience note RL: 2.5.
521 0# - TARGET AUDIENCE NOTE
Target audience note GRL: R.
650 #0 - SUBJECT ADDED ENTRY--TOPICAL TERM
Topical term or geographic name entry element Inquisition
Geographic subdivision Spain
Form subdivision Comic books, strips, etc.
650 #0 - SUBJECT ADDED ENTRY--TOPICAL TERM
Topical term or geographic name entry element Inquisition
Geographic subdivision Spain
Form subdivision Juvenile fiction.
650 #0 - SUBJECT ADDED ENTRY--TOPICAL TERM
Topical term or geographic name entry element Horror tales.
650 #1 - SUBJECT ADDED ENTRY--TOPICAL TERM
Topical term or geographic name entry element Graphic novels.
650 #1 - SUBJECT ADDED ENTRY--TOPICAL TERM
Topical term or geographic name entry element Inquisition
Geographic subdivision Spain
Form subdivision Fiction.
650 #1 - SUBJECT ADDED ENTRY--TOPICAL TERM
Topical term or geographic name entry element Horror stories.
651 #1 - SUBJECT ADDED ENTRY--GEOGRAPHIC NAME
Geographic name Spain
General subdivision History
Chronological subdivision Napoleonic Conquest, 1808-1813
Form subdivision Fiction.
655 #0 - INDEX TERM--GENRE/FORM
Genre/form data or focus term Graphic novels.
655 #7 - INDEX TERM--GENRE/FORM
Genre/form data or focus term Horror fiction.
Source of term gsafd
700 1# - ADDED ENTRY--PERSONAL NAME
Personal name Fabul, JC,
Relator term ill.
700 1# - ADDED ENTRY--PERSONAL NAME
Personal name Tulien, Sean,
Relator term author.
942 ## - ADDED ENTRY ELEMENTS (KOHA)
Source of classification or shelving scheme
Koha item type Graphic Novel
Holdings
Withdrawn status Lost status Source of classification or shelving scheme Damaged status Not for loan Collection code Permanent Location Current Location Shelving location Date acquired Full call number Barcode Date last seen Price effective from Koha item type
          Fiction KH8 Senior School Library KH8 Senior School Library Graphic Novel 2024-04-25 FIC POE 3KHSL000102044 2024-07-23 2024-04-25 Graphic Novel

Powered By KH8 IT Dept